In larger freedom studies in Philippine life, thought and institutions

Сохранить в:
Библиографические подробности
Главный автор: Leopoldo Y. Yabes
Формат:
Язык:Undetermined
Опубликовано: Quezon City University of the Philippines 1961
Предметы:
Метки: Добавить метку
Нет меток, Требуется 1-ая метка записи!
Thư viện lưu trữ: Trung tâm Học liệu Trường Đại học Cần Thơ
LEADER 00580nam a2200205Ia 4500
001 CTU_90549
008 210402s9999 xx 000 0 und d
082 |a 323.9599 
082 |b Y11 
100 |a Leopoldo Y. Yabes 
245 0 |a In larger freedom 
245 0 |b studies in Philippine life, thought and institutions 
245 0 |c Leopoldo Y. Yabes 
260 |a Quezon City 
260 |b University of the Philippines 
260 |c 1961 
650 |a intellectual life. 
650 |z philippines 
904 |i Năm 
980 |a Trung tâm Học liệu Trường Đại học Cần Thơ